| 000 | 00628nam a22001817a 4500 | ||
|---|---|---|---|
| 005 | 20210427065732.0 | ||
| 008 | 210302s1979 ||||| |||| 00| 0 eng d | ||
| 040 |
_aeng _cDLC |
||
| 041 |
_aeng _hita |
||
| 080 |
_a006.9 _bG-94 |
||
| 110 |
_91217 _aVatican Museum |
||
| 245 |
_aGuide to the Vatican Museums _c/ by: Monumenti, Musei e Gallerie Pontificie / Monuments, Museums and Galleris of Pontiff |
||
| 260 |
_aVatican, Italy _bMonumenti, Musei e Gallerie Pontificie / Monuments, Museums and Galleris of Pontiff _c1979 |
||
| 300 |
_a160 p. _bill. |
||
| 650 | 0 |
_9516 _aMuseum |
|
| 653 | _aმუზეუმი | ||
| 942 |
_2udc _cBK |
||
| 999 |
_c1853 _d1853 |
||